Text book of fluid mechanics (Record no. 10484)

000 -LEADER
fixed length control field 00445nam a22001817a 4500
001 - CONTROL NUMBER
control field 10484
003 - CONTROL NUMBER IDENTIFIER
control field BD-DhUET
008 - FIXED-LENGTH DATA ELEMENTS--GENERAL INFORMATION
fixed length control field 150207b xxu||||| |||| 00| 0 eng d
040 ## - CATALOGING SOURCE
Original cataloging agency DLC
Transcribing agency DLC
Modifying agency BD-DhUET
082 ## - DEWEY DECIMAL CLASSIFICATION NUMBER
Classification number 620.1113
Item number KHU/1987
100 ## - MAIN ENTRY--PERSONAL NAME
Personal name Khurmi, R. S.
245 ## - TITLE STATEMENT
Title Text book of fluid mechanics
250 ## - EDITION STATEMENT
Edition statement 14th ed.
260 ## - PUBLICATION, DISTRIBUTION, ETC. (IMPRINT)
Place of publication, distribution, etc. New York
Name of publisher, distributor, etc. S.Chand & Company
Date of publication, distribution, etc. 1987
300 ## - PHYSICAL DESCRIPTION
Extent 639p.
650 #0 - SUBJECT ADDED ENTRY--TOPICAL TERM
Topical term or geographic name as entry element Mechanics of Fluids
942 ## - ADDED ENTRY ELEMENTS (KOHA)
Koha item type General Book
Holdings
Lost status Not for loan Copy number Koha full call number Koha date last seen Date acquired Koha normalized classification for sorting Price effective from Location (home branch) Koha item type Shelving location Koha issues (times borrowed) Piece designation (barcode) Damaged status Sublocation or collection (holding branch) Koha date last borrowed Source of classification or shelving scheme Withdrawn status
  1620.1113/KHU/19872021-10-032015-02-07620_111300000000000_KHU_19872015-02-07Central Library, BUETGeneral BookCirculation section267950 Central Library, BUET2019-10-15  
  2620.1113/KHU/19872016-12-172015-02-07620_111300000000000_KHU_19872015-02-07Central Library, BUETGeneral BookCirculation section 67948 Central Library, BUET   
  3620.1113/KHU/19872019-04-242015-04-22620_111300000000000_KHU_19872015-04-22Central Library, BUETGeneral BookCirculation section167946 Central Library, BUET2017-08-19